Statistics for Food named after cities

Click here to take the quiz!

General Stats

  • This quiz has been taken 1,162 times
  • The average score is 15 of 26

Answer Stats

CountryFoodAnswer% Correct
BelgiumLeafy vegetable{Brussels} Sprout
94%
ChinaCrispy poultry dish{Peking} Duck
89%
FranceMustard{Dijon}
88%
AustriaPan-fried veal{Wiener} Schnitzel
87%
MexicoGreen pepper{Jalap}eño
81%
UkraineBreadcrumb-coated chickenChicken {Kiev}
77%
RussiaGinger beer-based cocktail{Moscow} Mule
77%
United KingdomCondiment{Worcester}shire Sauce
77%
GermanyMeat sandwich{Hamburg}er
75%
PeruButterbean{Lima} Bean
73%
JapanType of wagyu steak{Kobe} Beef
71%
SpainCommon orange variety{Valencia} Orange
66%
GermanyFilled donut{Berlin}er
63%
MoroccoCitrus fruit{Tanger}ine
62%
ItalyClassic lunchmeat{Bologna}
58%
ItalyFamous type of proscuitto{Parma} Ham
52%
United StatesChocolate-frosted cake{Boston} Cream Pie
51%
MyanmarAmerican appetizerCrab {Rangoon}
48%
GreeceDeep-purple olive{Kalamata} Olive
47%
IsraelOrange-filled biscuit of the UK{Jaffa} Cake
41%
JapanPopular hybrid apple{Fuji} Apple
39%
United StatesGrape used in jelly{Concord} Grape
29%
FranceFamous red chili pepper{Cayenne}
25%
ThailandGarlic-chili sauce{Sriracha}
17%
ThailandCurry noodle soup{Chiang} {Mai} Noodles
15%
MexicoCrumbly, salty cheese{Cotija}
8%

Score Distribution

Percentile by Number Answered

Percent of People with Each Score

Your Score History

You have not taken this quiz